000 00352cam a2200169ua 4500
020 _cRs. 1.25
041 _amal
_h
082 _a894.8124
_bKOD/UO
100 _aKodupunna, .
245 _aGopuram
260 _a :
_bKodupunna ,
_c1961.
300 _a112 ; .
365 _aRs. 1.25
504 _a
942 _cBK
999 _c4493
_d4493